02068cam a2200349 a 450000100090000000300040000900500170001300800410003001000170007102000370008802000340012503500130015903500210017204000500019305000250024308200170026810000210028524500720030626000560037830000210043433600260045533700280048133800270050949000490053650400520058550506320063752002550126963000320152463000340155665500810159083000470167116430655OSt20260216144416.0100824s2010 ilu b 000 0 eng  a 2010035595 a9780830824328qpbk. : alk. paper a0830824324qpbk. : alk. paper a16430655 a(OCoLC)658200726 aDLCcDLCdYDXdYDXCPdSGBdBWXdIGRdBTAdDLC00aBS1355.53b.F93 201000a222/.7072221 aFyall, Robert S.14aThe message of Ezra and Haggai :bbuilding for God /cRobert Fyall. aDowners Grove, Ill. :bInter-Varsity Press,cc2010. a186 p. ;c21 cm. atextbtxt2rdacontent aunmediatedbn2rdamedia avolumebnc2rdacarrier1 aThe Bible speaks today: Old Testament series aIncludes bibliographical references (p. 13-14).0 aEzra. The ransomed of the Lord return (1:1-11) ; What's in a name? (2:1-70) ; Getting priorities right (3:1-6) ; Starting to take shape (3:7-13) ; The vultures gather (4:1-24) ; God's work cannot be stopped (5:1-17) ; The king and the King (6:1-22) ; God's man arrives (7:1-10) ; The king's heart is in the hand of the Lord (7:11-28) ; Another exodus (8:1-36) ; Faithless people; faithful God (9:1-15) ; Not a happy ending (10:1-44) -- Haggai. When are we to build? (1:1-2) ; A wake-up call (1:3-11) ; At the centre (1:12-15) ; Better days are coming! (2:1-9) ; Count your blessings (2:10-19) ; The best is yet to be (2:20-23). aThis commentary by Robert Fyall highlights the contemporary parallels of the challenges Israel faced to those of today's church and demonstrates the relevance of the books of Ezra and Haggai for God's people in all times.--From publisher description.00aBible.pEzravCommentaries.00aBible.pHaggaivCommentaries. 7aCommentaries.2lcgft0https://id.loc.gov/authorities/genreForms/gf2025026014 0aBible speaks today.pOld Testament series.